| 000 | 00684nam a2200205 a 4500 | ||
|---|---|---|---|
| 001 | 78215 | ||
| 003 | BD-RjUL | ||
| 005 | 20211209083114.0 | ||
| 008 | 210817s1975 qa ||||| id|| 00| 0 ara d | ||
| 035 | _a(BD-RjUL)78441 | ||
| 040 |
_aBD-RjUL _beng _cBD-RjUL |
||
| 041 | _aara | ||
| 082 |
_223 _a492.703 _bHOS 1975 |
||
| 100 |
_aهوريني، نصر ;; Horini, Nasr _9247021 |
||
| 245 |
_aشرح ديباجة القاموس ;; Sharḥ dībājat al-qāmūs / _cجمعها نصر الهوريني. ; Naṣr Hūrīnī |
||
| 260 |
_a[Cairo] : _b [publisher not identified], _c1975 |
||
| 300 |
_a400 p. ; _c27 cm |
||
| 650 |
_aArabic language _vDictionaries. _9247022 |
||
| 942 |
_2ddc _cREF |
||
| 999 |
_c78215 _d78215 |
||